| Tag |
First Indicator |
Second Indicator |
Subfields |
| LEADER |
00000nam a2200000 i 4500 |
| 001 |
in00004742821 |
| 003 |
OCoLC |
| 005 |
20211129141003.3 |
| 006 |
m o d |
| 007 |
cr ||||||||||| |
| 008 |
210908s2022 ne a ob 001 0 eng |
| 010 |
|
|
|a 2021041464
|
| 024 |
8 |
|
|a 99994476157
|
| 040 |
|
|
|a DLC
|b eng
|e rda
|c DLC
|d OCLCO
|d OCLCF
|d YDX
|
| 019 |
|
|
|a 1273425402
|
| 020 |
|
|
|a 9789004469150
|q electronic book
|
| 020 |
|
|
|a 900446915X
|q electronic book
|
| 020 |
|
|
|z 9789004469143
|q hardcover
|
| 035 |
|
|
|a (OCoLC)1273423499
|z (OCoLC)1273425402
|
| 042 |
|
|
|a pcc
|
| 043 |
|
|
|a e-uk---
|
| 050 |
|
4 |
|a DA125.B53
|b B57 2022
|
| 082 |
0 |
0 |
|a 305.896041
|2 23/eng/20211004
|
| 245 |
0 |
0 |
|a Black neo-Victoriana /
|c edited by Felipe Espinoza Garrido, Marlena Tronicke and Julian Wacker.
|
| 264 |
|
1 |
|a Leiden ;
|a Boston :
|b Brill,
|c [2022]
|
| 300 |
|
|
|a 1 online resource () :
|b color illustrations.
|
| 336 |
|
|
|a text
|b txt
|2 rdacontent
|
| 337 |
|
|
|a computer
|b c
|2 rdamedia
|
| 338 |
|
|
|a online resource
|b cr
|2 rdacarrier
|
| 490 |
1 |
|
|a Neo-victorian series,
|x 2211-1018 ;
|v volume 8
|
| 504 |
|
|
|a Includes bibliographical references and index.
|
| 505 |
0 |
|
|a Acknowledgements -- Notes on contributors -- Introduction: Blackness and neo-Victorian studies: re-routing imaginations of the nineteenth century / Felipe Espinoza Garrido, Marlena Tronicke, and Julian Wacker -- PART 1 Black life writing and biofictions -- Confessions of a Black Ouidaite: autoethnographic neo-Victorianism / Jesse Ryan Erickson -- Black, Queer, Victorian? The precarious neo-Victorian afterlives of Prince Alemayehu / Susanne Gruss -- We need to talk about Sarah Baartman: Black bodies, white voices, and the politics of NeoVictorian authorship / Helen Davies -- A "natural tint": Red Velvet and the archive of Black Victorian theatre / Marlena Tronicke -- PART 2 Black Victorians on screen: politics, ethics, protests -- "For all the blood we share, for all the miles we have walked... we are not the same": revealing an intolerant past in Showtime's Penny dreadful / U. Melissa Anyiwo -- Three Lady Macbeths and a critique of imperialism / Antonija Primoracvi -- The Birth of a nation, transatlantic encounters, and African Americans as 'global' neo-Victorians / Lewis Mondal -- PART 3 Material remains, refashionings, and reconstructions -- The Black dandy and neo-Victorianism: re-fashioning a stereotype / Maria Weilandt -- Steamfunk: remembering Black futures in Nisi Shawl's Everfair / Judith Rahn and Iolanda Ramos -- Country houses, slavery and the Victorians: reinterpreting heritage sites / Corinne Fowler -- Afterwod: Beyond Bridgerton: Blackness and neo-Victoriana / Jennifer DeVere Brody -- Index.
|
| 588 |
|
|
|a Description based on online resource; title from digital title page (viewed on November 29, 2021).
|
| 650 |
|
0 |
|a Blacks
|z Great Britain
|x History
|y 19th century.
|
| 650 |
|
0 |
|a Blacks
|x Social conditions
|y 19th century.
|
| 650 |
|
0 |
|a Blacks
|x Race identity
|x History
|y 19th century.
|
| 650 |
|
0 |
|a Blacks
|x Intellectual life
|y 19th century.
|
| 650 |
|
0 |
|a Blacks in mass media.
|
| 650 |
|
0 |
|a Blacks in literature.
|
| 651 |
|
0 |
|a Great Britain
|x Civilization
|y 19th century.
|
| 650 |
|
7 |
|a Blacks.
|2 fast
|0 (OCoLC)fst00833880
|
| 650 |
|
7 |
|a Blacks in literature.
|2 fast
|0 (OCoLC)fst00834025
|
| 650 |
|
7 |
|a Blacks in mass media.
|2 fast
|0 (OCoLC)fst00834026
|
| 650 |
|
7 |
|a Blacks
|x Intellectual life.
|2 fast
|0 (OCoLC)fst00833948
|
| 650 |
|
7 |
|a Blacks
|x Race identity.
|2 fast
|0 (OCoLC)fst00833987
|
| 650 |
|
7 |
|a Blacks
|x Social conditions.
|2 fast
|0 (OCoLC)fst00834005
|
| 650 |
|
7 |
|a Civilization.
|2 fast
|0 (OCoLC)fst00862898
|
| 651 |
|
7 |
|a Great Britain.
|2 fast
|0 (OCoLC)fst01204623
|
| 648 |
|
7 |
|a 1800-1899
|2 fast
|
| 655 |
|
7 |
|a Electronic books.
|2 local
|
| 700 |
1 |
|
|a Espinoza Garrido, Felipe,
|e editor,
|e writer of introduction.
|
| 700 |
1 |
|
|a Tronicke, Marlena,
|e editor,
|e author.
|
| 700 |
1 |
|
|a Wacker, Julian
|c (Philologist),
|e editor,
|e writer of introduction.
|
| 710 |
2 |
|
|a EBSCOhost
|
| 776 |
1 |
8 |
|i Print version:
|t Black neo-Victoriana
|d Leiden ; Boston : Brill, [2022]
|z 9789004469143
|w (DLC) 2021041463
|
| 830 |
|
0 |
|a Neo-Victorian series ;
|v v. 8.
|
| 856 |
4 |
0 |
|u http://proxy.library.tamu.edu/login?url=https://search.ebscohost.com/login.aspx?direct=true&scope=site&db=nlebk&db=nlabk&AN=3105506
|z Connect to the full text of this electronic book
|t 0
|
| 945 |
|
|
|b 808991
|
| 955 |
|
|
|a YBP purchased EBSCO DDA e-records
|
| 980 |
|
|
|b ebook
|c 99994476157
|f DDA
|g 565702
|k USD
|m 115.28
|q 1
|s AcqMono Conventional
|t Demand driven acquisitions (DDA)
|u Vendor order reference number
|v ZYBP
|y PDA
|z Electronic resource
|
| 999 |
f |
f |
|i 48be4f09-9f98-4bf1-9bc1-d72177976e5f
|s 03f7d7a9-bd7d-4b0d-9f80-b7cd9d7a1a2f
|t 0
|
| 952 |
f |
f |
|a Texas A&M University
|b College Station
|c Electronic Resources
|s www_evans
|d Available Online
|t 0
|e DA125.B53 B57 2022
|h Library of Congress classification
|